Online
Catalog

Máximo Gomez : (Record no. 59076)

MARC details
000 -CABECERA
campo de control de longitud fija 01206nam a2200325 i 4500
003 - IDENTIFICADOR DEL NÚMERO DE CONTROL
campo de control DO-SdBNP
005 - FECHA Y HORA DE LA ÚLTIMA TRANSACCIÓN
campo de control 20250521111223.0
007 - CAMPO FIJO DE DESCRIPCIÓN FÍSICA--INFORMACIÓN GENERAL
campo de control de longitud fija ta
008 - DATOS DE LONGITUD FIJA--INFORMACIÓN GENERAL
campo de control de longitud fija 250521b1971 cu ||||| |||| 00| 0 spa d
010 ## - NÚMERO DE CONTROL DE LA BIBLIOTECA DEL CONGRESO
Número de control de LC 74213404
040 ## - FUENTE DE LA CATALOGACIÓN
Centro catalogador/agencia de origen DO-SdBNP
Lengua de catalogación spa
Centro/agencia transcriptor BNPHU
Normas de descripción rda
082 #4 - NÚMERO DE LA CLASIFICACIÓN DECIMAL DEWEY
Número de clasificación Cu923.57293
Número de documento/Ítem G633c
Número de edición 22
100 1# - ENTRADA PRINCIPAL--NOMBRE DE PERSONA
Nombre de persona Gómez, Máximo,
Fechas asociadas al nombre 1836-1905
Término indicativo de función/relación autor
Código de función/relación aut.
9 (RLIN) 12249
245 10 - MENCIÓN DE TÍTULO
Título Máximo Gomez :
Resto del título cartas a Francisco Carrillo /
Mención de responsabilidad, etc. compilación, introducción y notas por, Hortensia Pichardo ; edición, Ricardo Stusser.
264 #1 - PRODUCCIÓN, PUBLICACIÓN, DISTRIBUCIÓN, FABRICACIÓN Y COPYRIGHT
Producción, publicación, distribución, fabricación y copyright La Habana, Cuba :
Nombre del de productor, editor, distribuidor, fabricante Editorial de Ciencias Sociales;
-- Instituto Cubano del libro,
Fecha de producción, publicación, distribución, fabricación o copyright 1971.
300 ## - DESCRIPCIÓN FÍSICA
Extensión 330 páginas :
Otras características físicas ilustraciones ;
Dimensiones 23 cm.
336 ## - TIPO DE CONTENIDO
Término de tipo de contenido texto
Código de tipo de contenido txt
Fuente rdacontent
337 ## - TIPO DE MEDIO
Nombre/término del tipo de medio sin mediación
Código del tipo de medio n
Fuente rdamedia
338 ## - TIPO DE SOPORTE
Nombre/término del tipo de soporte volumen
Código del tipo de soporte nc
Fuente rdacarrier
490 ## - MENCIÓN DE SERIE
Mención de serie Colección Centenario
590 ## - NOTA LOCAL (RLIN)
Nota local Inventariado, 2025/BT
600 10 - PUNTO DE ACCESO ADICIONAL DE MATERIA--NOMBRE DE PERSONA
Nombre de persona Gómez, Máximo,
Fechas asociadas al nombre 1836-1905
9 (RLIN) 12249
600 #4 - PUNTO DE ACCESO ADICIONAL DE MATERIA--NOMBRE DE PERSONA
Nombre de persona Carrillo, Francisco
Fechas asociadas al nombre 1851-1926.
9 (RLIN) 14763
700 1# - PUNTO DE ACCESO ADICIONAL--NOMBRE DE PERSONA
Nombre de persona Pichardo, Hortensia,
Término indicativo de función/relación compilador
Código de función/relación comp.
9 (RLIN) 14765
700 1# - PUNTO DE ACCESO ADICIONAL--NOMBRE DE PERSONA
Nombre de persona Carrillo, Francisco
Fechas asociadas al nombre 1851-1926.
9 (RLIN) 14763
700 1# - PUNTO DE ACCESO ADICIONAL--NOMBRE DE PERSONA
Nombre de persona Stusser, Ricardo,
Término indicativo de función/relación editor
Código de función/relación ed.
9 (RLIN) 14766
830 ## - PUNTO DE ACCESO ADICIONAL DE SERIE-TÍTULO UNIFORME
9 (RLIN) 14767
910 ## - DATOS DE OPCIÓN DEL USUARIO (OCLC)
Datos de opción del usuario Btavárez
942 ## - ELEMENTOS DE PUNTO DE ACCESO ADICIONAL (KOHA)
Fuente del sistema de clasificación o colocación Dewey Decimal Classification
Tipo de ítem Koha Libro
Holdings
Estado de retiro Estado de pérdida Fuente del sistema de clasificación o colocación Restricciones de uso No para préstamo Código de colección Localización permanente Ubicación/localización actual Ubicación en estantería Fecha de adquisición Fuente de adquisición Total de préstamos Signatura topográfica completa Código de barras Fecha visto por última vez Precio válido a partir de Tipo de ítem Koha Nota pública
    Dewey Decimal Classification Préstamo en sala   General Biblioteca Nacional Pedro Henríquez Ureña Biblioteca Nacional Pedro Henríquez Ureña En catalogación 21.05.2025 Donado por la Presidencia de la República Dominicana 2023.   BNPHU GR Cu923.57293 G633c 2025-4487 21.05.2025 21.05.2025 Libro Pertenecio a la biblioteca personal de Emilio Cordero Michel.

Powered by Koha